000 00406cam a22001337a 4500
008 180718b1963 xxu||||| |||| 00| 0 eng d
082 _aAPPPA 1963/5
100 _aNanchayal, Bina
245 _aZonal councils in the Indian federation
_cby Bina Nanchayal
260 _aNew Delhi
_bIndian Institute of Public Administration
_c1963
300 _a61p.
650 _aIndian federation
650 _aZonal councils
999 _c501213
_d501213